<?xml version="1.0" encoding="UTF-8"?>
<record
    xmlns:xsi="http://www.w3.org/2001/XMLSchema-instance"
    xsi:schemaLocation="http://www.loc.gov/MARC21/slim http://www.loc.gov/standards/marcxml/schema/MARC21slim.xsd"
    xmlns="http://www.loc.gov/MARC21/slim">

  <leader>01579nam a2200337 a 4500</leader>
  <controlfield tag="003">DO-SdBNP</controlfield>
  <controlfield tag="005">20260305074000.0</controlfield>
  <controlfield tag="007">ta</controlfield>
  <controlfield tag="008">220511e2021    dr  |||gre||| 001 0dspa d</controlfield>
  <datafield tag="020" ind1=" " ind2=" ">
    <subfield code="a">9789945613926, v.I</subfield>
  </datafield>
  <datafield tag="020" ind1=" " ind2=" ">
    <subfield code="a">9789945613933, v.2</subfield>
  </datafield>
  <datafield tag="040" ind1=" " ind2=" ">
    <subfield code="a">DO-SdBNP</subfield>
    <subfield code="b">spa</subfield>
    <subfield code="c">BNPHU</subfield>
  </datafield>
  <datafield tag="082" ind1=" " ind2="4">
    <subfield code="2">22</subfield>
    <subfield code="b">G377e</subfield>
  </datafield>
  <datafield tag="245" ind1="1" ind2="0">
    <subfield code="a">Enciclopedia de la gr&#xE1;fica Dominicana:</subfield>
    <subfield code="b">(1844- 1970) /</subfield>
    <subfield code="c">Compilado, C&#xE1;ndido Ger&#xF3;n</subfield>
  </datafield>
  <datafield tag="260" ind1=" " ind2=" ">
    <subfield code="a">Santo Domingo :</subfield>
    <subfield code="b">Archivo General de la Naci&#xF3;n,</subfield>
    <subfield code="c">2021</subfield>
  </datafield>
  <datafield tag="300" ind1=" " ind2=" ">
    <subfield code="a">2v. :</subfield>
    <subfield code="b">il. ;</subfield>
    <subfield code="c">30 cm.</subfield>
  </datafield>
  <datafield tag="490" ind1=" " ind2=" ">
    <subfield code="a">Archivo General de la Naci&#xF3;n;</subfield>
    <subfield code="v">422</subfield>
  </datafield>
  <datafield tag="505" ind1="0" ind2=" ">
    <subfield code="a">v.I (1844- 1970).</subfield>
  </datafield>
  <datafield tag="505" ind1="0" ind2=" ">
    <subfield code="a">Precisiones.</subfield>
    <subfield code="t">Introducci&#xF3;n.--</subfield>
    <subfield code="t">El arte rupestre hasta las vanguardias.--
</subfield>
    <subfield code="t">Precursores, 1844- 1920.--</subfield>
    <subfield code="t">Generaci&#xF3;n de 1930.--</subfield>
    <subfield code="t">Generaci&#xF3;n de 1940.--</subfield>
    <subfield code="t">Generaci&#xF3;n de 1950.--</subfield>
    <subfield code="t">Generaci&#xF3;n de 1960.--</subfield>
    <subfield code="t">Artistas extranjeros que contribuyeron al desarrollo de la gr&#xE1;fica dominicana.</subfield>
  </datafield>
  <datafield tag="505" ind1="0" ind2=" ">
    <subfield code="a">v.II (1971- 2020).</subfield>
  </datafield>
  <datafield tag="505" ind1="0" ind2=" ">
    <subfield code="a">Introducci&#xF3;n.--</subfield>
    <subfield code="t">Generaci&#xF3;n de 1970.--</subfield>
    <subfield code="t">Generaci&#xF3;n de 1980.--</subfield>
    <subfield code="t">Generaci&#xF3;n de 1990.--</subfield>
    <subfield code="t">Generaci&#xF3;n de 2000.--</subfield>
    <subfield code="t">Generaci&#xF3;n de 2020.--</subfield>
  </datafield>
  <datafield tag="590" ind1=" " ind2=" ">
    <subfield code="a">Inventariado 2022 / MF</subfield>
  </datafield>
  <datafield tag="650" ind1=" " ind2="4">
    <subfield code="9">43779</subfield>
    <subfield code="a">Pinturas </subfield>
    <subfield code="x">Enciclopedias</subfield>
    <subfield code="z">Rep&#xFA;blica Dominicana</subfield>
  </datafield>
  <datafield tag="650" ind1=" " ind2="4">
    <subfield code="9">4906</subfield>
    <subfield code="a">Artes Gr&#xE1;ficas</subfield>
    <subfield code="v">Obras Ilustradas</subfield>
  </datafield>
  <datafield tag="650" ind1=" " ind2="4">
    <subfield code="9">34234</subfield>
    <subfield code="a">Artistas dominicanos</subfield>
    <subfield code="v">Biograf&#xED;as</subfield>
    <subfield code="y">(1844- 2020)</subfield>
    <subfield code="x">Rep&#xFA;blica Dominicana</subfield>
  </datafield>
  <datafield tag="700" ind1="1" ind2=" ">
    <subfield code="a">Ger&#xF3;n, Candido,</subfield>
    <subfield code="d">1948-</subfield>
    <subfield code="9">3577</subfield>
  </datafield>
  <datafield tag="710" ind1="2" ind2=" ">
    <subfield code="a">Archivo General de la Naci&#xF3;n (Rep&#xFA;blica Dominicana)</subfield>
    <subfield code="9">85400</subfield>
  </datafield>
  <datafield tag="830" ind1=" " ind2=" ">
    <subfield code="a">Archivo General de la Naci&#xF3;n;</subfield>
    <subfield code="l">spa</subfield>
    <subfield code="n">422</subfield>
    <subfield code="9">81598</subfield>
  </datafield>
  <datafield tag="910" ind1=" " ind2=" ">
    <subfield code="a">MFeliz</subfield>
  </datafield>
  <datafield tag="942" ind1=" " ind2=" ">
    <subfield code="2">ddc</subfield>
    <subfield code="c">LBS1</subfield>
  </datafield>
  <datafield tag="952" ind1=" " ind2=" ">
    <subfield code="0">0</subfield>
    <subfield code="1">0</subfield>
    <subfield code="2">ddc</subfield>
    <subfield code="5">1</subfield>
    <subfield code="7">0</subfield>
    <subfield code="8">PD</subfield>
    <subfield code="a">BNPHU</subfield>
    <subfield code="b">BNPHU</subfield>
    <subfield code="c">HD</subfield>
    <subfield code="d">2022-03-30</subfield>
    <subfield code="e">Dep&#xF3;sito legal / Archivo General de la Naci&#xF3;n</subfield>
    <subfield code="o">G377e</subfield>
    <subfield code="p">2022-2006</subfield>
    <subfield code="r">2022-05-11</subfield>
    <subfield code="t">v.1</subfield>
    <subfield code="w">2022-05-11</subfield>
    <subfield code="y">LBS1</subfield>
  </datafield>
  <datafield tag="952" ind1=" " ind2=" ">
    <subfield code="0">0</subfield>
    <subfield code="1">0</subfield>
    <subfield code="2">ddc</subfield>
    <subfield code="5">1</subfield>
    <subfield code="7">0</subfield>
    <subfield code="8">PD</subfield>
    <subfield code="a">BNPHU</subfield>
    <subfield code="b">BNPHU</subfield>
    <subfield code="c">HD</subfield>
    <subfield code="d">2022-03-30</subfield>
    <subfield code="e">Dep&#xF3;sito legal / Archivo General de la Naci&#xF3;n</subfield>
    <subfield code="o">G377e</subfield>
    <subfield code="p">2022-2007</subfield>
    <subfield code="r">2022-05-11</subfield>
    <subfield code="t">v.1,e.2</subfield>
    <subfield code="w">2022-05-11</subfield>
    <subfield code="y">LBS1</subfield>
  </datafield>
  <datafield tag="952" ind1=" " ind2=" ">
    <subfield code="0">0</subfield>
    <subfield code="1">0</subfield>
    <subfield code="2">ddc</subfield>
    <subfield code="5">6</subfield>
    <subfield code="7">0</subfield>
    <subfield code="8">DS</subfield>
    <subfield code="a">BNPHU</subfield>
    <subfield code="b">BNPHU</subfield>
    <subfield code="c">HD</subfield>
    <subfield code="d">2022-03-30</subfield>
    <subfield code="e">Dep&#xF3;sito legal / Archivo General de la Naci&#xF3;n</subfield>
    <subfield code="o">G377e</subfield>
    <subfield code="p">2022-2008</subfield>
    <subfield code="r">2022-05-11</subfield>
    <subfield code="t">v.1,e.3</subfield>
    <subfield code="w">2022-05-11</subfield>
    <subfield code="y">LBS1</subfield>
  </datafield>
  <datafield tag="952" ind1=" " ind2=" ">
    <subfield code="0">0</subfield>
    <subfield code="1">0</subfield>
    <subfield code="2">ddc</subfield>
    <subfield code="5">1</subfield>
    <subfield code="7">0</subfield>
    <subfield code="8">PD</subfield>
    <subfield code="a">BNPHU</subfield>
    <subfield code="b">BNPHU</subfield>
    <subfield code="c">HD</subfield>
    <subfield code="d">2022-03-30</subfield>
    <subfield code="e">Dep&#xF3;sito legal / Archivo General de la Naci&#xF3;n</subfield>
    <subfield code="l">0</subfield>
    <subfield code="o">G377e</subfield>
    <subfield code="p">2022-2012</subfield>
    <subfield code="r">2022-05-12</subfield>
    <subfield code="t">v.2</subfield>
    <subfield code="w">2022-05-12</subfield>
    <subfield code="y">LBS1</subfield>
  </datafield>
  <datafield tag="952" ind1=" " ind2=" ">
    <subfield code="0">0</subfield>
    <subfield code="1">0</subfield>
    <subfield code="2">ddc</subfield>
    <subfield code="5">1</subfield>
    <subfield code="7">0</subfield>
    <subfield code="8">PD</subfield>
    <subfield code="a">BNPHU</subfield>
    <subfield code="b">BNPHU</subfield>
    <subfield code="c">HD</subfield>
    <subfield code="d">2022-03-30</subfield>
    <subfield code="e">Dep&#xF3;sito legal / Archivo General de la Naci&#xF3;n</subfield>
    <subfield code="l">0</subfield>
    <subfield code="o">G377e</subfield>
    <subfield code="p">2022-2013</subfield>
    <subfield code="r">2022-05-12</subfield>
    <subfield code="t">v.2,e.2</subfield>
    <subfield code="w">2022-05-12</subfield>
    <subfield code="y">LBS1</subfield>
  </datafield>
  <datafield tag="952" ind1=" " ind2=" ">
    <subfield code="0">0</subfield>
    <subfield code="1">0</subfield>
    <subfield code="2">ddc</subfield>
    <subfield code="5">6</subfield>
    <subfield code="7">0</subfield>
    <subfield code="8">DS</subfield>
    <subfield code="a">BNPHU</subfield>
    <subfield code="b">BNPHU</subfield>
    <subfield code="c">HD</subfield>
    <subfield code="d">2022-03-30</subfield>
    <subfield code="e">Dep&#xF3;sito legal / Archivo General de la Naci&#xF3;n</subfield>
    <subfield code="o">G377e</subfield>
    <subfield code="p">2022-2015</subfield>
    <subfield code="r">2022-05-12</subfield>
    <subfield code="t">v.2,e.3</subfield>
    <subfield code="w">2022-05-12</subfield>
    <subfield code="y">LBS1</subfield>
  </datafield>
  <datafield tag="999" ind1=" " ind2=" ">
    <subfield code="c">51699</subfield>
    <subfield code="d">51699</subfield>
  </datafield>
</record>
